000 00944nam a22002657i 4500
003 URS
005 20220117151027.0
008 190815t2018 nyua|||| |||| 001 0 eng d
020 _a9781260083637 (International student edition)
040 _beng
_erda
_cURS
050 1 4 _aHD 6960
_bB8588 2018
100 1 _aBudd, John W.
_eauthor
245 1 0 _aLabor relations
_b: striking a balance /
_cJohn W. Budd
250 _aFifth edition
264 1 _aNew York :
_bMcGraw-Hill Education,
_c2018
300 _axvii, 558 pages :
_billustrations (some coloured) ;
_c26 cm
336 _2rdacontent
_atext
336 _2rdacontent
_astill image
337 _2rdamedia
_aunmediated
338 _2rdacarrier
_avolume
504 _aIncludes bibliographical references and index.
524 _aBudd, J. W. (2018). Labor relations : striking a balance. (5th edition). New York : McGraw-Hill Education.
650 0 _aIndustrial relations
942 _2lcc
_cFR
999 _c16611
_d16611